El Entorno de programación UNIX / (Record no. 8368)

MARC details
000 -LEADER
campo de control de longitud fija 00919nam a2200253 i 4500
001 - NÚMERO DE CONTROL
campo de control 8368
003 - IDENTIFICADOR DE NÚMERO DE CONTROL
campo de control ES-MaACL
005 - FECHA Y HORA DE LA ÚLTIMA TRANSACCIÓN
campo de control 20230906145437.0
007 - CAMPO FIJO DE DESCRIPCIÓN FÍSICA--INFORMACIÓN GENERAL
campo de control de longitud fija t|
008 - DATOS DE LONGITUD FIJA--INFORMACIÓN GENERAL
campo de control de longitud fija 920612s1987 mx ||||1| spa d
020 ## - NÚMERO INTERNACIONAL ESTÁNDAR DEL LIBRO
Número Internacional Estándar del Libro 958-880-067-8
080 ## - NÚMERO DE LA CLASIFICACIÓN DECIMAL UNIVERSAL
Número de la Clasificación Decimal Universal 621-52
100 1# - ENTRADA PRINCIPAL--NOMBRE DE PERSONA
Nombre de persona Kernighan, Brian W.
9 (RLIN) 67921
245 13 - MENCIÓN DEL TÍTULO
Título El Entorno de programación UNIX /
Mención de responsabilidad, etc. Brian W. Kernighan, Rob Pike ; traducción: Alberto Villarreal Cueva, Andrés Aguirre Calderón ; revisión técnica: Guillermo Levine Gutiérrez.
250 ## - MENCION DE EDICION
Mención de edición [1ª ed. en español].
260 ## - PUBLICACIÓN, DISTRIBUCIÓN, ETC.
Lugar de publicación, distribución, etc. México [etc.] :
Nombre del editor, distribuidor, etc. Prentice-Hall Hispanoamericana,
Fecha de publicación, distribución, etc. cop.1987.
300 ## - DESCRIPCIÓN FÍSICA
Extensión XI, 369 p. ;
Dimensiones 23 cm.
650 14 - PUNTO DE ACCESO ADICIONAL DE MATERIA--TÉRMINO DE MATERIA
Término de materia o nombre geográfico como elemento de entrada UNIX-
Subdivisión general Programación.
9 (RLIN) 17691
700 1# - ENTRADA AGREGADA--NOMBRE PERSONAL
Nombre de persona Pike, Rob.
9 (RLIN) 92016
700 1# - ENTRADA AGREGADA--NOMBRE PERSONAL
Nombre de persona Villarreal Cueva, Alberto.
9 (RLIN) 115136
700 1# - ENTRADA AGREGADA--NOMBRE PERSONAL
Nombre de persona Aguirre Calderón, Andrés.
9 (RLIN) 18857
700 1# - ENTRADA AGREGADA--NOMBRE PERSONAL
Nombre de persona Levine Gutiérrez, Guillermo.
9 (RLIN) 71979
852 ## - LOCALIZACIÓN
Ubicación ES-MaACL
Número de control de estantería L-15777
Sublocalización o colección R.120334
Holdings
Estatus retirado Estado de pérdida Estado de daño No para préstamo Biblioteca de origen Biblioteca actual Ubicación en estantería Fecha de adquisición Fuente de adquisición Total de préstamos Signatura topográfica completa Código de barras Visto por última vez Precio de reemplazo Tipo de ítem Koha
        Biblioteca del Ateneo de Madrid Biblioteca del Ateneo de Madrid Depósito 2 17/01/2008     L-15777 1008544 23/02/2023 23/02/2023 Libro impreso